| 000 | 00367nam a2200133Ia 4500 | ||
|---|---|---|---|
| 008 | 231129s9999||||xx |||||||||||||| ||spa|| | ||
| 020 | _a84-8280-756-0 | ||
| 040 | _bspa | ||
| 082 | _aI823 B941u | ||
| 100 | _aBulwer Lytton Edward George | ||
| 245 | 0 | _aLos ultimos dias de Pompeya | |
| 264 | _aLa Oveja Negra | ||
| 942 |
_2ddc _cBKS |
||
| 999 |
_c20119 _d20119 |
||